Top 25 College Football teams in the BCS Era - Statistics

General Stats
  • This quiz has been taken 20 times
  • The average score is 20 of 25
Answer Stats
Win % Team % Correct
69.3 Alabama
100%
66.7 Michigan
100%
79.3 Ohio State
100%
72.3 Florida
95%
73.2 Florida State
95%
72.9 Georgia
95%
73.2 LSU
95%
76.7 Texas
95%
73.7 USC
95%
65.8 Auburn
89%
69.5 Miami
89%
78.6 Oklahoma
89%
74.8 Oregon
84%
68.8 Nebraska
79%
64.1 Penn State
79%
83.4 Boise State
74%
64.5 BYU
74%
62.9 Texas Tech
74%
66.7 Utah
74%
70.5 Wisconsin
74%
63.9 Kansas State
68%
74.6 Virginia Tech
63%
64.3 West Virginia
63%
72.9 TCU
53%
67.0 Louisville
42%
No matching quizzes found
Score Distribution
Percent of People with Each Score
Percentile by Number Answered
Your Score History
You have not taken this quiz